Влияние заместителей на химические сдвиги некоторых протонов в R-фенилиминах и фенилгидразонах 3-формил-6-R-9-алкулкабазолов

Detaylı Bibliyografya
Müşterek Yazar: Томский политехнический институт
Diğer Yazarlar: Бондалетов В. Г. Владимир Григорьевич, Бочкарев В. В. Валерий Владимирович, Бондалетова Л. И. Людмила Ивановна, Огородников В. Д. Владимир Данилович
Özet:В фонде НТБ ТПУ отсутствует
Dil:Rusça
Baskı/Yayın Bilgisi: Томск, 1987
Konular:
Materyal Türü: MixedMaterials Kitap
KOHA link:https://koha.lib.tpu.ru/cgi-bin/koha/opac-detail.pl?biblionumber=594368

MARC

LEADER 00000nam0a2200000 4500
001 594368
005 20240119145855.0
029 0 0 |a SU  |b 343-ХП-87  |f ОНИИТЭХим 
035 |a (RuTPU)RU\TPU\tpu\8988 
035 |a RU\TPU\tpu\8985 
090 |a 594368 
100 |a 20020621d1987 m y0rusy50 ca 
101 0 |a rus 
102 |a RU 
105 |a y z 001zy 
200 1 |a Влияние заместителей на химические сдвиги некоторых протонов в R-фенилиминах и фенилгидразонах 3-формил-6-R-9-алкулкабазолов  |f В. Г. Бондалетов [и др.] 
210 |a Томск  |d 1987 
215 |a 11 с. 
320 |a Библиогр.: 5 назв. - Деп. в ОНИИТЭХим, г. Черкассы, 31.03.87, № 343-ХП-87. 
333 |a В фонде НТБ ТПУ отсутствует 
610 1 |a труды учёных ТПУ 
701 1 |a Бондалетов  |b В. Г.  |c химик-технолог  |c профессор Томского политехнического университета, доктор технических наук  |f 1957-  |g Владимир Григорьевич  |3 (RuTPU)RU\TPU\pers\25605  |9 11534 
701 1 |a Бочкарев  |b В. В.  |c химик-технолог  |c доцент Томского политехнического университета, кандидат химических наук  |f 1948-  |g Валерий Владимирович  |3 (RuTPU)RU\TPU\pers\25606 
701 1 |a Бондалетова  |b Л. И.  |c химик-технолог  |c доцент Томского политехнического университета, кандидат химических наук  |f 1956-  |g Людмила Ивановна  |3 (RuTPU)RU\TPU\pers\25852  |9 11721 
701 1 |a Огородников  |b В. Д.  |c доктор химических наук  |c ХТФ  |f 1945-  |g Владимир Данилович  |3 (RuTPU)RU\TPU\pers\3590 
712 0 2 |a Томский политехнический институт 
801 2 |a RU  |b 63413507  |c 20160614  |g PSBO 
942 |c BK